000 01087cab a2200277 4500
001 ABS60781
008 090401t1999 xxu||||| |||| 00| 0 eng d
035 _a(Sirsi) u93922
041 _aeng
100 _aRobinson, R.
245 _aTime to take cover?
260 _c1999
350 _a0
490 _aProperty Week
_v64(23) 11 June 1999, 42-43(2)
520 _aLooks at the insurance situation during the period following exchange of contracts and before completion. Asks whether purchasers should take out their own insurance to cover the property, or whether they can rely on the contracting purchaser's interest clause, and looks at the possible effects of the Standard Commercial Property Conditions, to be published shortly.
650 _aCOMPLETION
650 _aCONTRACTING PURCHASER`S INTEREST CLAUSES
650 _aEXCHANGE OF CONTRACTS
650 _aINSURANCE COVER
650 _aSTANDARD COMMERCIAL PROPERTY CONDITIONS
650 _aSTANDARD CONDITIONS OF SALE
690 _aInsurance
_96249
700 _aMoody, B.
942 _n0
948 _c15/06/1999
999 _c59522
_d59522